Normal view
MARC view
Entry Personal Name
001 - CONTROL NUMBER
- control field: 18397
003 - CONTROL NUMBER IDENTIFIER
- control field: HDC
005 - DATE AND TIME OF LATEST TRANSACTION
- control field: 20230624073531.0
008 - FIXED-LENGTH DATA ELEMENTS
- fixed length control field: 210305|| aca||aabn | a|a d
040 ## - CATALOGING SOURCE
- Original cataloging agency: HDC
- Transcribing agency: HDC
100 ## - HEADING--PERSONAL NAME
- Personal name: Grzesik, Monika
670 ## - SOURCE DATA FOUND
- Source citation: Work cat.: (HDC): Grzesik, Monika author, UAE: Time to pitch the ‘halal holiday’ / by, 2010
